000 00906cad a22002055a 4500
001 E154115
008 111017e20111014xxk 000 0 eng d
035 _a(Sirsi) u154115
041 0 _aeng
110 2 _aScotland
_bScottish Government
_95344
245 0 0 _aEasier home improvements
_h[electronic resource]
260 _c2011
490 _aScottish Government News Release
_v14 October 2011
520 _aFrom February 2012, some home improvement works, such as extensions, sheds and garages, will no longer need planning permission. The Scottish Government is hoping the changes will take out 4 000 applications a year from the planning system.
590 _aKA
651 4 _aScotland
_y1999-
690 _aENVIRONMENTAL AND LAND CONSULTANCY-PLANNING AND DEVELOPMENT
856 4 0 _uhttps://www.scotland.gov.uk/News/Releases/2011/10/14113246
_zView the news release at www.scotland.gov.uk
942 _n0
999 _c83495
_d83495